Normal view
MARC view
- ابن ابي حجلة، شهاب الدين أحمد بن يحى المغربي؛ تحفيق القيسي، زهير أحمد
Entry Personal Name
001 - CONTROL NUMBER
- control field: 34559
003 - CONTROL NUMBER IDENTIFIER
- control field: JO-AjAnu
005 - DATE AND TIME OF LATEST TRANSACTION
- control field: 20230606075804.0
008 - FIXED-LENGTH DATA ELEMENTS
- fixed length control field: 230606|| aca||aabn | a|a d
040 ## - CATALOGING SOURCE
- Original cataloging agency: JO-AjAnu
- Transcribing agency: JO-AjAnu
100 ## - HEADING--PERSONAL NAME
- Personal name: ابن ابي حجلة، شهاب الدين أحمد بن يحى المغربي؛ تحفيق القيسي، زهير أحمد
670 ## - SOURCE DATA FOUND
- Source citation: Work cat.: (JO-AjAnu)17751: ابن ابي حجلة، شهاب الدين أحمد بن يحى المغربي؛ تحفيق القيسي، زهير أحمد, author, إنموذج القتال في نقل العوال